007530000a22001810004500090001400000245006200014650002100076650003100097650003600128650003100164653004000195041001400235100003400249942001300283773006900296999001500365952019100380 aARb0054310aSuperfamilia Castnioidea ()14aMariposas99302514aHabitos alimentarios9382414aRelación planta-animal99286114aControl biológico992696 gCastnioideaeCastnioidea handlirsch0 aEspañol1 aGallego, Francisco Luis98326 cARTICULO1 tRevista de la Facultad Nacional de Agronomía368q22-42d1980? c9638d9638 001040718HEMEROTECAaBogotabBogotad2015-02-27eInstituto de Ciencias NaturaleshFuera de circulaciónl0oAR 00543p010854r2015-03-25 00:00:00t1w2015-03-25xDonaciónyARTICULO